Kehilangan Pesawat MH370

Bibliographic Details
Main Author: Mohd. Faid Abdulah (Author)
Format: Book
Language:Malay
Published: Cheras, Selangor : Arena Educational Supply [2021]
Series:Misteri dunia yang belum terungkap
Subjects:

MARC

LEADER 00000cam a2200000 7i4500
001 0000142773
005 20211213.0
008 211213s2021 my o xb k may
020 |a 9789672369134 (set) 
020 |a 9789672369141 
040 |a PERPUSTAM   |b eng   |c PERPUSTAM   |e rda 
041 |a may 
090 0 0 |a J 039.992302   |b MFA 
100 0 |a Mohd. Faid Abdulah ,   |e author 
245 1 0 |a Kehilangan Pesawat MH370   |c Mohd Faid Abdulah 
264 1 |a Cheras, Selangor :   |b Arena Educational Supply   |c [2021] 
300 |a 48 pages :   |b colour illustrations, colour photographs ;   |c 30 cm. 
336 |a text  |2 rdacontent 
337 |a unmediated  |2 rdamedia 
338 |a volume  |2 rdacarrier 
490 1 |a Misteri Dunia Yang Belum Terungkap 
500 |a Includes questions and exercises 
650 1 0 |a Curiosities and wonders   |v Juvenile literature 
650 2 0 |a Aircraft accidents   |v Juvenile literature 
650 2 0 |a Malaysia Airlines Flight 370 Incident, 2014   |v Juvenile literature 
830 0 |a Misteri dunia yang belum terungkap 
999 |a 0000703933   |b Buku   |c Koleksi Pinjaman Kanak-Kanak   |e Perbadanan Perpustakaan Awam Melaka 
999 |a 0000703934   |b Buku   |c Koleksi Pinjaman Kanak-Kanak   |e Perbadanan Perpustakaan Awam Melaka 
999 |a 0000703935   |b Buku   |c Koleksi Pinjaman Kanak-Kanak   |e Perbadanan Perpustakaan Awam Melaka 
999 |a 0000703936   |b Buku   |c Koleksi Pinjaman Kanak-Kanak   |e Perpustakaan Cawangan Jasin 
999 |a 0000703937   |b Buku   |c Koleksi Pinjaman Kanak-Kanak   |e Perpustakaan Cawangan Masjid Tanah 
999 |a 0000703938   |b Buku   |c Koleksi Pinjaman Kanak-Kanak   |e Perpustakaan Cawangan Merlimau 
999 |a 0000703939   |b Buku   |c Koleksi Pinjaman Kanak-Kanak   |e Perpustakaan Komuniti UTC Melaka 
999 |a 0000703940   |b Buku   |c Koleksi Pinjaman Kanak-Kanak   |e Perbadanan Perpustakaan Awam Melaka 
999 |a 0000703941   |b Buku   |c Koleksi Pinjaman Kanak-Kanak   |e Perbadanan Perpustakaan Awam Melaka 
999 |a 0000703942   |b Buku   |c Koleksi Pinjaman Kanak-Kanak   |e Perbadanan Perpustakaan Awam Melaka 
999 |a 0000703943   |b Buku   |c Koleksi Pinjaman Kanak-Kanak   |e Perbadanan Perpustakaan Awam Melaka